Yours, Mine and Ours (1968): Finish the quote! Quiz Stats

 Plays Quiz not verified by Sporcle

Score 0/30 Timer 06:00
0 Plays Today
Quote Fill in the blank. % Correct
I'm 11 red _____. I'm 11 red _____. I'm 11 red _____. A
83.3%
Doctor, if anyone knows how to spell it, _____.I do
80%
'We need a sample of your blood.' - '_____.'Take it all
80%
You've been the victim of an alcoholic _____. It's amazing you survived at all.Pearl Harbor
70%
'We just shortened it a little.' - 'A little?! I look _____!like a teeny-bopper
70%
I can't eat if _____!everybody's gonna cry
66.7%
Sister's locked in the bathroom, and she can't get out and we can't get in, _____!and it's my turn
66.7%
Mother! It's 11:_____.14
63.3%
Your _____ is winking at me.Irish coffee
63.3%
'Is that strawberry jam on your hands?' - '_____.'Raspberry
63.3%
My Veronica, she's seven, she's so boy crazy, I'm afraid she'll get married _____!before she's nine!
63.3%
I don't care if he does look like _____!Paul Newman
63.3%
Oh, Mother, that's so romantic! _____!You lied to him
63.3%
'Ten! Ten?! TEN!! Frank! Eight and ten is...' - '_____'Ridiculous
63.3%
Heavens to Betsy! _____?What will they think of next
63.3%
Quote Fill in the blank. % Correct
Your blues and greens are wonderful, but _____. your hes and shes are a little mixed up.
63.3%
Mom, come quick! There's a man in my room _____!trying to take everybody's temperature
60%
Susan! Don't eat the _____.ornaments off the tree
56.7%
'This may come as a shock to you, but there are other things in life besides girls.' - '_____'Yeah. Women!
56.7%
Oh, have a heart. _____.Leave them on somebody else's doorstep
56.7%
I feel better now! _____!He's a good doctor
50%
Every morning at _____, I'd spring into action.four bells
46.7%
Unless Veronica's an Impressionist, _____!number 19 is about to be launched
46.7%
He's gonna give her a _____ about how lonely it is here at home.snow job
43.3%
Just keep growing, Phillip. One day, _____.you'll fill my boots
43.3%
'What's a liason?' - 'An affair.' '_____'That's what I thought.
43.3%
She has _____.mean eyes
40%
There is no more mine, and there is no more yours. _____.From now on, everyone and everything is ours
40%
_____ couldn't keep up.General Motors
36.7%
I hate to use the word _____, but there's no other way to say it.Adonis
30%

You're not logged in!

Compare scores with friends on all Sporcle quizzes.
OR
Log In

Show Comments

Extras

Top Quizzes Today


Score Distribution

Your Account Isn't Verified!

In order to create a playlist on Sporcle, you need to verify the email address you used during registration. Go to your Sporcle Settings to finish the process.

Report this User

Report this user for behavior that violates our Community Guidelines.

Details: